Statistics for Capitals Starting with Unique First Two Letters

Click here to take the quiz!

General Stats

  • This quiz has been taken 119 times
  • The average score is 15 of 20

Answer Stats

first letterscapital% Correct
AcAccra
100%
ChChișinău
100%
DhDhaka
100%
DiDili
100%
FrFreetown
100%
FuFunafuti
100%
HeHelsinki
100%
KhKhartoum
100%
LjLjubljana
100%
OsOslo
100%
OtOttawa
100%
OuOuagadougou
100%
TbTbilisi
100%
TiTirana
100%
JeJerusalem
89%
DjDjibouti
88%
JaJakarta
88%
WiWindhoek
88%
MbMbabane
86%
QuQuito
86%
StStockholm
86%
ThThimphu
83%
UlUlaanbaatar
83%
GuGuatemala City
80%
NdN'Djamena
80%
NgNgerulmud
80%
PyPyongyang
80%
ZaZagreb
80%
ApApia
75%
IsIslamabad
75%
WeWellington
75%
TuTunis
71%
SkSkopje
70%
AdAddis Ababa
67%
AtAthens
67%
BoBogotá
67%
GiGitega
67%
RaRabat
67%
SiSingapore
67%
YeYerevan
67%
GaGaborone
63%
HoHoniara
63%
GeGeorgetown
60%
JuJuba
60%
PhPhnom Penh
60%
MeMexico City
57%
MuMuscat
50%
NoNouakchott
50%
TrTripoli
50%
MiMinsk
43%
ReReykjavik
43%
NeNew Delhi
40%
ToTokyo
25%
LaLa Paz
20%
BlBloemfontein
0%
SeSeoul
0%

Score Distribution

Percentile by Number Answered

Percent of People with Each Score

Your Score History

You have not taken this quiz